| 000 | 00345cam a22001097a 4500 | ||
|---|---|---|---|
| 008 | 180718b1959 xxu||||| |||| 00| 0 eng d | ||
| 082 | _aQ92x42 Un3m | ||
| 245 |
_aReport of the maternity services committee _cby Ministry Of Health |
||
| 260 |
_aLondon _bHer Majesty's Stationery office _c1959 |
||
| 300 | _avi,125p. | ||
| 700 | _aU.K.Ministry Of Health | ||
| 999 |
_c419169 _d419169 |
||